Learning Resource and Development

Teacher education for inclusive bilingual contexts : (Record no. 30562)

MARC details
000 -LEADER
fixed length control field 03736cam a2200397 i 4500
001 - CONTROL NUMBER
control field 22187425
003 - CONTROL NUMBER IDENTIFIER
control field CSPC
005 - DATE AND TIME OF LATEST TRANSACTION
control field 20251003154352.0
008 - FIXED-LENGTH DATA ELEMENTS--GENERAL INFORMATION
fixed length control field 210823s2022 nyua b 001 0 eng
010 ## - LIBRARY OF CONGRESS CONTROL NUMBER
LC control number 2021035225
020 ## - INTERNATIONAL STANDARD BOOK NUMBER
International Standard Book Number 9780367631260
035 ## - SYSTEM CONTROL NUMBER
System control number 22187425
040 ## - CATALOGING SOURCE
Original cataloging agency DLC
Language of cataloging eng
Description conventions rda
Transcribing agency DLC
Modifying agency DLC
-- CSPC
042 ## - AUTHENTICATION CODE
Authentication code pcc
050 00 - LIBRARY OF CONGRESS CALL NUMBER
Classification number LC3728
Item number .M37 2022
082 00 - DEWEY DECIMAL CLASSIFICATION NUMBER
Classification number 370.1175
Item number M366t
Edition number 23
100 1# - MAIN ENTRY--PERSONAL NAME
Personal name Martínez-Álvarez, Patricia,
Relator term author.
245 10 - TITLE STATEMENT
Title Teacher education for inclusive bilingual contexts :
Remainder of title collective reflection to support emergent bilinguals with and without disabilities /
Statement of responsibility, etc. Patricia Martínez-Álvarez.
264 #1 - PRODUCTION, PUBLICATION, DISTRIBUTION, MANUFACTURE, AND COPYRIGHT NOTICE
Place of production, publication, distribution, manufacture New York, NY ;
-- Abingdon, Oxon :
Name of producer, publisher, distributor, manufacturer Routledge,
Date of production, publication, distribution, manufacture, or copyright notice 2022.
300 ## - PHYSICAL DESCRIPTION
Extent xvii, 223 pages :
Other physical details illustrations ;
Dimensions 24 cm.
336 ## - CONTENT TYPE
Content type term text
Content type code txt
Source rdacontent
337 ## - MEDIA TYPE
Media type term unmediated
Media type code n
Source rdamedia
338 ## - CARRIER TYPE
Carrier type term volume
Carrier type code nc
Source rdacarrier
490 0# - SERIES STATEMENT
Series statement Routledge research in teacher education
504 ## - BIBLIOGRAPHY, ETC. NOTE
Bibliography, etc. note Includes bibliographical references and index.
505 0# - FORMATTED CONTENTS NOTE
Formatted contents note Historical contradictions in teacher education for inclusive bilingual contexts -- Theorizing collective conversations among educators for learning: defining the project -- Teacher education for inclusive bilingual contexts: theoretical codes and collective reflection -- Attending to all children: transforming the learning space for sustained development -- Rules and the preparation of teachers: structures, time, and language hybridity -- Toward multidimensional hybrid spaces of learning -- Ableism as a lens: interdependence, flexible time, and transformation of contexts -- Inclusive bilingual education: communities of educators and knowledgeable and resourceful children -- A theoretical and practical framework for teacher education for inclusive bilingual contexts.
520 ## - SUMMARY, ETC.
Summary, etc. "This text demonstrates how collective reflection can function as a central part of effective teacher preparation for work in inclusive bilingual environments. Through analysis of rich qualitative data, Teacher Education for Inclusive Bilingual Contexts shows how group reflection supports pre-service educators to recognize the intersectional challenges faced by students, and understand their identities beyond the confines of disability. This, in turn, engenders reconceptualization of standardized expectations and implicates the educator in developing student agency through individualized use of routine, language, and materials. The author offers Cultural Historical Activity Theory (CHAT) and Disability Studies in Education (DSE) as a basis for dialectal interactions to unearth contradictions and misunderstandings surrounding language acquisition and the learning of emergent bilinguals, and highlight the ways in which educators can disrupt oppressive practices through expansive learning practices. This insightful volume will be of interest to researchers, scholars, and postgraduate students in the fields of inclusive education and disability studies, bilingual and language education, and teacher education"--
Assigning source Provided by publisher.
650 #0 - SUBJECT ADDED ENTRY--TOPICAL TERM
Topical term or geographic name entry element Education, Bilingual.
650 #0 - SUBJECT ADDED ENTRY--TOPICAL TERM
Topical term or geographic name entry element Inclusive education.
650 #0 - SUBJECT ADDED ENTRY--TOPICAL TERM
Topical term or geographic name entry element Teachers
General subdivision Training of.
776 08 - ADDITIONAL PHYSICAL FORM ENTRY
Relationship information Online version:
Main entry heading Martínez-Álvarez, Patricia.
Title Teacher education for inclusive bilingual contexts
Place, publisher, and date of publication New York : Routledge, Taylor & Francis Group, 2022
International Standard Book Number 9781003112259
Record control number (DLC) 2021035226
906 ## - LOCAL DATA ELEMENT F, LDF (RLIN)
a 7
b cbc
c orignew
d 1
e ecip
f 20
g y-gencatlg
942 ## - ADDED ENTRY ELEMENTS (KOHA)
Source of classification or shelving scheme Dewey Decimal Classification
Koha item type Books
Classification part 370.1175
Item part M366t
Call number prefix CIR
Call number suffix 2022
Suppress in OPAC No
Edition 23
Holdings
Withdrawn status Lost status Source of classification or shelving scheme Damaged status Not for loan Home library Current library Shelving location Date acquired Total Checkouts Full call number Barcode Date last seen Copy number Price effective from Koha item type
    Dewey Decimal Classification     Main Library Main Library Circulation Section 10/01/2025   CIR 370.1175 M366t 2022 030385 10/01/2025 1-1 10/01/2025 Books